000 00403nam a2200157Ia 4500
008 160316s1985 xxu||||| |||| 00| 0 eng d
082 _a345.000000
_bDHU-I
100 _aDhupar M L
245 _aCrimes : Criminal referencer and pleadings Vol. I
250 _a
260 _aDelhi
_bVinod Publications
_c1985
300 _a1030p
_b
_c
365 _b Gratis
650 _a1. Criminal Law
700 _a
_a
999 _c24516
_d24516